Score 0/13 Timer 01:00
0 Plays Today
% Correct
Spain
98.4%
Belgium
96.4%
Russia
96.2%
Sweden
95.5%
Brazil
95.1%
Italy
93.8%
Switzerland
93.5%
Andorra
91.8%
Germany
91.8%
Suriname
91.3%
Luxembourg
88.8%
Norway
86.7%
Monaco
81.7%
Remove Ads.
Support Sporcle.
Get the best of Sporcle when you Go Orange. This ad-free experience offers more features, more stats, and more fun while also helping to support Sporcle. Thank you for becoming a member.

You're not logged in!

Compare scores with friends on all Sporcle quizzes.
OR
Log In

Show Comments

Extras

Created Jan 21, 2017ReportNominate
Tags:Country Quiz, map

Top Quizzes Today


Score Distribution

Your Account Isn't Verified!

In order to create a playlist on Sporcle, you need to verify the email address you used during registration. Go to your Sporcle Settings to finish the process.

Report this User

Report this user for behavior that violates our Community Guidelines.

Details: